Дело о преобразовании гимназий и прогимназий Министерства народного просвещения

Доступно только в Электронных читальных залах Найти на картеНа карте
RUSMARC
00004147nmc2a22000003x 450
00117d152c9-c397-4b6b-b62e-6332399d1f2b
00520180712103551.0
100##$a20160413l18641872k l0rusy0189 ca
1010#$arus
102##$aRU
2001#$aДело о преобразовании гимназий и прогимназий Министерства народного просвещения
$j1864-[1872] гг.
$eПроект устава, учебный курс вновь предполагаемых прогимназий, записки и замечания к учебным планам, курсам и программам технического типа, замечания по поводу предполагаемого устава гимназий - А.С. Воронова, В.[Ф.] Эвальда, преподавателей петербургских гимназий; обзор преподавания латыни в младших классах классической гимназии в Европе и Прибалтике, соображения о распределении предметов преподавания в гимназиях
251##$cДело
300##$aАвтографы, копии рукописные, печатные с пометами
801#0$aRU
$bРГИА
$c20160413
$gRCR
801#1$aRU
$bГлавНИВЦ
$c20160413
$2rusmarc
801#2$aRU
$bПБ им. Б.Н. Ельцина
$c20180712
$gRCR
$2rusmarc
850##$aРГИА
852##$aРГИА
$eФедеральное казенное учреждение "Российский государственный исторический архив" (РГИА)
$j2
937##$hРГИА
$d12201693
$aASBIBLIO_SCAN
462#0$1001d00eb924-b8c4-46ea-b08b-551519b642a2
$12001
$aЛичные документы А.С. Воронова и материалы по вопросам народного образования в России
$1251
$cОпись
$1852
$j1
461#0$1001f6df60a8-a3d6-445b-9e6a-669b0dd5e9bc
$12001
$aВоронов Андрей Степанович (1818-1875)
$1251
$cФонд
$1852
$j845
215##$a88 л.
$d36,5х26 см
371##$aДокумент не является опубликованным и широко распространяемым
105##$ay###
1222#$ad
035##$a17d152c9-c397-4b6b-b62e-6332399d1f2b
856##$uhttp://readingroom.main.prlib.ru/item.aspx?id_node=n117216243&mode=full
Формат отображения